7 sentencias sobre el 7° ángel / (Record no. 121890)
[ view plain ]
| 000 -CABECERA | |
|---|---|
| campo de control de longitud fija | 00769nam a2200241 a 4500 |
| 005 - FECHA Y HORA DE LA ÚLTIMA TRANSACCIÓN | |
| campo de control | 20240924070403.0 |
| 008 - ELEMENTOS DE LONGITUD FIJA--INFORMACIÓN GENERAL | |
| campo de control de longitud fija | 070312s2002 mx r 000 0 spa d |
| 020 ## - NÚMERO INTERNACIONAL NORMALIZADO PARA LIBROS | |
| Número Internacional Estándar del Libro | 8493070815 |
| 035 ## - NÚMERO DE CONTROL DEL SISTEMA | |
| Número de control de sistema | UPN01000149749 |
| 049 ## - COLECCIÓN | |
| Colección | CG |
| 050 #4 - SIGNATURA TOPOGRÁFICA DE LA BIBLIOTECA DEL CONGRESO | |
| Número de clasificación | P85 B7.5 |
| Número de documento/Ítem | F6.7 2002 |
| 100 1# - ASIENTO PRINCIPAL--NOMBRE PERSONAL | |
| Nombre de persona | Foucault, Michel, |
| Fechas asociadas al nombre | 1926-1984 |
| 245 10 - MENCIÓN DE TÍTULO | |
| Título | 7 sentencias sobre el 7° ángel / |
| Mención de responsabilidad, etc. | Michel Foucault ; tr. de Isidro Herrera ; con un ensayo de Angel Gabilondo. |
| 250 ## - MENCIÓN DE EDICIÓN | |
| Mención de edición | 2a ed. |
| 260 ## - PUBLICACIÓN, DISTRIBUCIÓN, ETC. | |
| Lugar de publicación, distribución, etc. | Madrid : |
| Nombre del editor, distribuidor, etc. | Arena libros, |
| Fecha de publicación, distribución, etc. | 2002. |
| 300 ## - DESCRIPCIÓN FÍSICA | |
| Extensión | 88 p. |
| 440 #0 - MENCIÓN DE SERIE/ASIENTO SECUNDARIO--TÍTULO | |
| Título | Arena libros ; |
| Designación de volumen o secuencia | 1 |
| 534 ## - NOTA SOBRE LA VERSIÓN ORIGINAL | |
| Frase introductoria | Título original: |
| Mención de título del original | Sept propos sur le septiéme |
| 600 14 - ASIENTO SECUNDARIO DE MATERIA - NOMBRE PERSONAL | |
| Nombre de persona | BRISSET, JEAN PIERRE, |
| Fechas asociadas al nombre | 1837-1919 |
| 9 (RLIN) | 9105 |
| 650 #4 - ASIENTO SECUNDARIO DE MATERIA - TERMINO TEMATICO | |
| Término de materia o nombre geográfico como elemento de entrada | LENGUAS - |
| Subdivisión general | FILOSOFIA |
| 9 (RLIN) | 3839 |
| 650 #4 - ASIENTO SECUNDARIO DE MATERIA - TERMINO TEMATICO | |
| Término de materia o nombre geográfico como elemento de entrada | Filología |
| 9 (RLIN) | 15443 |
| 905 ## - TIPO DE MATERIAL | |
| Tipo de material | Libro |
| Estado de retiro | Estado de pérdida | Fuente del sistema de clasificación o colocación | Estado dañado | No para préstamo | Código de colección | Localización permanente | Ubicación/localización actual | Ubicación en estantería | Fecha de adquisición | Total de préstamos | Clasificación | Código de barras | Fecha visto por última vez | Fecha del último préstamo | Número de copia | Tipo de ítem Koha |
|---|---|---|---|---|---|---|---|---|---|---|---|---|---|---|---|---|
| Library of Congress Classification | Colección General | Bib. Gregorio Torres Quintero | Bib. Gregorio Torres Quintero | Planta baja | 15/02/2024 | 10 | P85 B7.5 F6.7 2002 | 246877 | 20/01/2025 | 24/10/2024 | 1 | Libro | ||||
| Library of Congress Classification | Colección General | Bib. Gregorio Torres Quintero | Bib. Gregorio Torres Quintero | Planta baja | 15 | P85 B7.5 F6.7 2002 | 246876 | 21/01/2025 | 10/12/2024 | 1 | Libro | |||||
| Library of Congress Classification | Colección General | Bib. Gregorio Torres Quintero | Bib. Gregorio Torres Quintero | Planta baja | 6 | P85 B7.5 F6.7 2002 | 246878 | 31/12/2020 | 1 | Libro |
